• 首页
  • 本馆介绍
  • 公告通知
  • 最新文献
  • 馆藏检索
  • 电子资源
  • 读者导购
  • 参考咨询
  • 我的图书馆
  • 登录
  • 详细信息显示
  • 放入我的书架
  • 预约/预借图书
  • 作者相关作品
  • 分类相关作品
  • 丛书相关作品
  • 出版社相关作品

书目信息

  • 表格格式
  • 工作单格式
  • 卡片格式
题名:
深化知识表征与建模
    
 
作者: 顾小清 , 权国龙 著
分册:  
出版信息: 上海   华东师范大学出版社  2020.6
页数: 322页
开本: 24cm
丛书名:
单 册:
中图分类: TP301.2
科图分类:
主题词: 形式语义学--研究
电子资源:
ISBN: 978-7-5760-0151-8
000 01097nam0 2200277 45
001 012001001616
005 20140914141239.0
010    @a978-7-5760-0151-8@dCNY68.00
100    @a20200924d2020 em y0chiy50 ea
101 0  @achi
102    @aCN@b310000
105    @aa z 000yy
106    @ar
200 1  @a深化知识表征与建模@Ashen hua zhi shi biao zheng yu jian mo@b专著@e语义图示的设计、开发与应用@f顾小清,权国龙著
210    @a上海@c华东师范大学出版社@d2020.6
215    @a322页@c图@d24cm
300    @a全国教育科学规划国家课题研究成果
300    @a其他题名:语义图示的设计、开发与应用
330    @a本书共分七章,内容包括:知识可视化的理论与方法、面向深层学习的知识图示设计、语义图示工具的学习应用、知识建模的语义图示工具开发、语义图示工具的知识建模应用、语义图示工具支持的模型化教学等。
517 1  @a语义图示的设计、开发与应用@Ayu yi tu shi de she ji、kai fa yu ying yong
606 0  @a形式语义学@x研究
690    @aTP301.2@v5
701  0 @a顾小清@Agu xiao qing@4著
701  0 @a权国龙@Aquan guo long@4著
801  0 @aCN@bBJSDL@c20211011
905    @b1336541-4@dTP301.2@e1322@f4
    
    深化知识表征与建模:语义图示的设计、开发与应用/顾小清,权国龙著.-上海:华东师范大学出版社,2020.6
    322页:图;24cm
    全国教育科学规划国家课题研究成果.-其他题名:语义图示的设计、开发与应用
    
    ISBN 978-7-5760-0151-8:CNY68.00
    本书共分七章,内容包括:知识可视化的理论与方法、面向深层学习的知识图示设计、语义图示工具的学习应用、知识建模的语义图示工具开发、语义图示工具的知识建模应用、语义图示工具支持的模型化教学等。
●
相关链接 在E读中查询图书 在五车中查询图书 在当当中查询图书 在豆瓣中查询图书


正题名:深化知识表征与建模     索取号:TP301.2/1322         预约/预借

序号 登录号 条形码 馆藏地/架位号 状态 备注
1 1336541   213365419   第二样本阅览室/ [索取号:TP301.2/1322] 在馆    
2 1336542   213365428   第三借阅区/ [索取号:TP301.2/1322] 在馆    
3 1336543   213365437   第三借阅区/ [索取号:TP301.2/1322] 在馆    
4 1336544   213365446   第三借阅区/ [索取号:TP301.2/1322] 在馆    
唐山师范学院图书馆 欢迎您!
大连网信软件有限公司© 版权所有